La revolución Haitiana /
En el presente ensayo se hace un recorrido histórico a la revolución haitiana, improvisada y caótica, que fue producto de previas luchas y de la unificación de esfuerzos colectivos, facilitada por la ruptura en la estructura controladora (metrópoli-colonia). Se destacan las estrategias políticas, id...
Kaydedildi:
| Yazar: | |
|---|---|
| Materyal Türü: | Metin |
| Konular: | |
| Etiketler: |
Etiketle
Etiket eklenmemiş, İlk siz ekleyin!
|
MARC
| LEADER | 00000 a a2200000 04500 | ||
|---|---|---|---|
| 001 | 40403 | ||
| 003 | |||
| 040 | |||
| 100 | |a Trotman, David S. | ||
| 245 | |a La revolución Haitiana / |c David S. Trotman | ||
| 520 | |a En el presente ensayo se hace un recorrido histórico a la revolución haitiana, improvisada y caótica, que fue producto de previas luchas y de la unificación de esfuerzos colectivos, facilitada por la ruptura en la estructura controladora (metrópoli-colonia). Se destacan las estrategias políticas, ideológicas y militares utilizadas en la lucha contra la esclavitud y se realiza un análisis demográfico, que contiene las filiaciones étnicas que facilitaron la unificación de los esclavos. | ||
| 590 | |a SJB/DICIEMBRE2011 | ||
| 650 | |a REVOLUCION | ||
| 650 | |a ESCLAVITUD | ||
| 650 | |a COLONIALISMO | ||
| 650 | |a MOVIMIENTO DE LIBERACION NACIONAL | ||
| 650 | |a GRUPOS SOCIALES | ||
| 650 | |a ANALISIS DEMOGRAFICO | ||
| 650 | |a HISTORIA COLONIAL | ||
| 650 | |a HAITI | ||
| 773 | |g páginas 1-17 | ||
| 999 | |c 21605 |d 21605 | ||
